The Lion and The Mouse

Bibliographic Details
Other Authors: Soh.E.L
Format: Book
Published: Kuala Lumpur : Pustaka Buana , 2006
Series:The virtue series
Subjects:

MARC

LEADER 00000cam a2200000 7i4500
001 0000001523
005 20151222.0
008 070718
020 |a 9833449417 
090 0 0 |a JF   |b ENG (1648) 
245 1 4 |a The Lion and The Mouse   |c Adapted and retold by E.L.Soh 
260 |a Kuala Lumpur :   |b Pustaka Buana ,   |c 2006 
440 4 |a The virtue series 
500 |a Children ages 7-9 years old (orange) 
650 0 |a Junior fiction   |x English   |x Languages 
700 0 |a Soh.E.L 
999 |a 0000928554   |b Book   |c Children Collection   |e Cawangan Tangkak 
999 |a 0000965797   |b Book   |c Children Collection   |e Perbadanan Perpustakaan Awam Johor 
999 |a 0000965799   |b Book   |c Children Collection   |e Perbadanan Perpustakaan Awam Johor 
999 |a 0000965800   |b Book   |c Children Collection   |e Perbadanan Perpustakaan Awam Johor